000 01090nam a22002537a 4500
005 20170607141908.0
008 100603t xxu||||| |||| 00| 0 hin d
020 _a 8185212872
_c
020 _a8185212880
035 _aB-74609
037 _bDBAD / PUB
040 _aDPL
_bHN
082 _a615.52
100 _aअग्रवाल, चमन लाल
_921370
245 _aआयुर्वेदः सिद्धान्त, रोग-निदान और उपचार /
_cचमन लाल अग्रवाल
246 _a
_bby Chaman Lal Aggarwal
260 _aचण्डीगढ़
_bअरूण पब्लिशिंग हाउस
_c
270 _a49-51, सैक्टर-17सी
_bचण्डीगढ़
_e160017
_k0172 2702318
_marunpublishing@yahoo.com
300 _a224पृ
_c22सेमी (सजिल्द)
650 _aविज्ञान
_xधर्म
_921371
650 _aScience
_yReligion
_921372
700 _aअग्रवाल, ऊषा
_921373
942 _2ddc
_cHN
_mअग्रवा
_h615.52
999 _c67753
_d67753